000 00624nam a2200229Ia 4500
003 OSt
005 20220923214803.0
006 a|||||r|||| 00| 0
007 ta
008 220922b |||||||| |||| 00| 0 hin d
024 _a172,754
037 _cTextual
040 _aARTS
_cARTS
_bhin
041 _2hin
_ahin
082 _aO152:3NSA:12, J9
100 _aशरण
_9159533
245 0 _aनारी तुम केवल श्रद्धा हो
246 _aNārī tum keval shraddhā ho
260 _c1959
942 _hO152:3NSA:12, J9
_cTEXL
_2CC
999 _c326762
_d326762